000 00501nam a2200157Ia 4500
999 _c28950
_d28950
003 OSt
005 20200629100040.0
008 190216s9999||||xx |||||||||||||| ||und||
040 _coclc
082 _a954.83
_bELA/C
100 _aElayidam, Sunil P
_93291
245 0 _aCharithram Padaroopangalum Prathyayasashthravum /
_cSunil P Elayidam
260 _bMathrubhumi Printing &publishing,
_aKozhikode:
_c2004.
300 _a206p
942 _cBK
_2ddc
_h954.83
_iELA/C
_k954.83
_mELA/C